| 000 | 00565nam a2200181Ia 4500 | ||
|---|---|---|---|
| 003 | GCL | ||
| 008 | 140319s9999 xx 000 0 ara d | ||
| 040 |
_aGCL / _cGCL |
||
| 082 | 0 | 4 |
_a813.01 _bم ا |
| 100 | 1 | _aممدوح ابو دلهوم | |
| 245 | 1 | 0 |
_aاحجار امية / _cممدوح ابو دلهوم |
| 300 | _a100 ص | ||
| 490 |
_aالهيئة العامة للاستعلامات _v0 |
||
| 650 | 0 | 4 | _aالادب العربى |
| 650 | 0 | 4 | _aالقصص القصيرة |
| 650 | 0 | 4 | _aالقصص العربية القصيرة - الاردن |
| 942 |
_2ddc _cBK |
||
| 999 |
_c49818 _d49818 |
||